Včasná prevencia šetrí náklady
O chladiace zariadenia sa musí starať predajca i odborníci. Technické zázemie chladiacich zariadení. Združené kompresorové jednotky. Ako sa zabezpečiť proti stratám ? Uživateľská údržba.
Na minha lista:
| Autor principal: | |
|---|---|
| Formato: | Capítulo de Livro |
| Idioma: | eslovaco |
| Assuntos: | |
| Tags: |
Sem tags, seja o primeiro a adicionar uma tag!
|
MARC
| LEADER | 00000naa a2200000 4500 | ||
|---|---|---|---|
| 001 | r041828 | ||
| 005 | 20231002114212.4 | ||
| 041 | 0 | |a slo | |
| 044 | |a SK | ||
| 245 | 1 | 0 | |a Včasná prevencia šetrí náklady |c Peter Tomlein |
| 520 | |a O chladiace zariadenia sa musí starať predajca i odborníci. Technické zázemie chladiacich zariadení. Združené kompresorové jednotky. Ako sa zabezpečiť proti stratám ? Uživateľská údržba. | ||
| 610 | 2 | 0 | |a zariadenia chladiarenské |
| 610 | 2 | 0 | |a údržba |
| 610 | 2 | 0 | |a servis |
| 100 | 1 | |a Tomlein, Peter | |